Culture Générale - Série 2428 - Statistiques

Statistiques générales
  • Ce quiz a été pris 142 fois
  • Le résultat moyen est 6 sur 10
Statistiques - réponses
Question Réponse % Correct
Quel est le pays d'Afrique qui a la plus grande superficie ? Algérie
86%
Quelle est la capitale du Burkina Faso ? Ouagadougou
75%
Quel est le nom de la plus grande île des Baléares ? Majorque
71%
De quel pays le "baht" est-il l'unité monétaire ? voir drapeau Thaïlande
71%
Dans quelle ville d'Espagne se trouve le musée Guggenheim ? Bilbao
66%
Quel est le pays qui a la plus grande longueur de côtes maritimes au monde ? Canada
65%
Quelle est la capitale de l'Ouganda ? Kampala
52%
Quel est le nom du moteur de recherche web élaboré par Microsoft pour concurrencer Google ? Bing
45%
Comment s'appelle le service de messagerie électronique proposé par la fondation Mozilla ? thunderbird
23%
Avec quel chanteur David Bowie a-t-il chanté en duo "dancing in the street" en 1985 ? prénom et nom Mick Jagger
12%
Aucun quiz correspondant
Distribution des résultats
% des personnes avec chaque résultat
Percentile par nombre de réponses
Votre historique - résultats
Vous n’avez pas pris ce quiz